Normal view
MARC view
- PC MEHWISH SIDDIQUE PC HIRA KHALID PROJECT
Entry Personal Name
001 - CONTROL NUMBER
- control field: 72991
003 - CONTROL NUMBER IDENTIFIER
- control field: NUST
005 - DATE AND TIME OF LATEST TRANSACTION
- control field: 20210628204942.0
008 - FIXED-LENGTH DATA ELEMENTS
- fixed length control field: 210628|| aca||aabn | a|a d
040 ## - CATALOGING SOURCE
- Original cataloging agency: NUST
- Transcribing agency: NUST
100 ## - HEADING--PERSONAL NAME
- Personal name: PC MEHWISH SIDDIQUE PC HIRA KHALID PROJECT
670 ## - SOURCE DATA FOUND
- Source citation: Work cat.: (NUST): PC MEHWISH SIDDIQUE PC HIRA KHALID PROJECT, PR-SOF-1888-Hear Smart- Your Hearing Assistant, 2020
